Contemporary human resource management : (Record no. 15188)

MARC details
000 -LEADER
fixed length control field 00690nam a22002057a 4500
003 - CONTROL NUMBER IDENTIFIER
control field URS
005 - DATE AND TIME OF LATEST TRANSACTION
control field 20220114171927.0
008 - FIXED-LENGTH DATA ELEMENTS--GENERAL INFORMATION
fixed length control field 180503b xxu||||| |||| 00| 0 eng d
020 ## - INTERNATIONAL STANDARD BOOK NUMBER
International Standard Book Number 9788126914357
050 14 - LIBRARY OF CONGRESS CALL NUMBER
Classification number HF 5549.2
Item number A318
100 1# - MAIN ENTRY--PERSONAL NAME
Personal name Alam, Mohd Shahbaz,
Dates associated with a name 2010-
Relator term author
245 ## - TITLE STATEMENT
Title Contemporary human resource management :
Remainder of title improving performance in the workplace /
Statement of responsibility, etc. Mohd. Shahbaz, Alam.
264 #1 - PRODUCTION, PUBLICATION, DISTRIBUTION, MANUFACTURE, AND COPYRIGHT NOTICE
Place of production, publication, distribution, manufacture New Delhi-110002
Name of producer, publisher, distributor, manufacturer Atlantic Publishers and Distributors
Date of production, publication, distribution, manufacture, or copyright notice ©2010
300 ## - PHYSICAL DESCRIPTION
Extent xvii, 486 pages:
Other physical details illustration;
Dimensions 22 cm
336 ## - CONTENT TYPE
Source rdacontent
Content type term text
336 ## - CONTENT TYPE
Source rdacontent
Content type term still image
337 ## - MEDIA TYPE
Source rdamedia
Media type term unmediated
338 ## - CARRIER TYPE
Source rdacarrier
Carrier type term volume
942 ## - ADDED ENTRY ELEMENTS (KOHA)
Source of classification or shelving scheme Library of Congress Classification
Koha item type Foreign Books
Holdings
Withdrawn status Source of classification or shelving scheme Damaged status Not for loan Collection code Home library Current library Shelving location Date acquired Total Checkouts Full call number Barcode Date last seen Price effective from Koha item type
  Library of Congress Classification     Non-fiction Binangonan College Library Binangonan College Library Foreign Section 06/07/2023   HF 5549.2 A318 URSBIN-01291 05/03/2018 05/03/2018 Foreign Books

University of Rizal System
Email us at univlibservices@urs.edu.ph

Visit our Website www.urs.edu.ph/library